A propósito de las revueltas de los barrios periféricos en Francia /

Zapisane w:
Opis bibliograficzny
1. autor: Amin, Samir
Kolejni autorzy: Herrera, Rémy
Format: Texto
Hasła przedmiotowe:
Etykiety: Dodaj etykietę
Nie ma etykietki, Dołącz pierwszą etykiete!

MARC

LEADER 00000 a a2200000 04500
001 11041
003
040
100 |a Amin, Samir  
245 |a A propósito de las revueltas de los barrios periféricos en Francia /  |c Samir Amin ; Rémy Herrera 
650 |a CONFLICTOS SOCIALES  
650 |a DESCONTENTO DE LOS JOVENES  
650 |a MINORIAS ETNICAS  
650 |a INMIGRANTES  
650 |a FRANCIA  
700 |a Herrera, Rémy  
773 |g volumen 6, número 18; páginas 93-106  
999 |c 34861  |d 34861